UBT Library

The St. Martin's handbook / (Record no. 45155)

000 -LEADER
fixed length control field 00860cam a2200265 a 4500
001 - CONTROL NUMBER
control field 14322674
005 - DATE AND TIME OF LATEST TRANSACTION
control field 20180315090504.0
008 - FIXED-LENGTH DATA ELEMENTS--GENERAL INFORMATION
fixed length control field 060330s2008 mauab 000 0 eng
010 ## - LIBRARY OF CONGRESS CONTROL NUMBER
LC control number 2006924946
020 ## - INTERNATIONAL STANDARD BOOK NUMBER
International Standard Book Number 9780312443153
020 ## - INTERNATIONAL STANDARD BOOK NUMBER
International Standard Book Number 0312443153
020 ## - INTERNATIONAL STANDARD BOOK NUMBER
International Standard Book Number 9780312443177 (pbk.)
020 ## - INTERNATIONAL STANDARD BOOK NUMBER
International Standard Book Number 031244317X (pbk.)
040 ## - CATALOGING SOURCE
Original cataloging agency DLC
Transcribing agency DLC
Modifying agency DLC
041 ## - LANGUAGE CODE
Language code of text/sound track or separate title eng
080 ## - UNIVERSAL DECIMAL CLASSIFICATION NUMBER
Universal Decimal Classification number 37 LUN
082 ## - DEWEY DECIMAL CLASSIFICATION NUMBER
Classification number 37 LUN
100 1# - Rafti
Rafti 25
101 ## - Shkurtesa
Shkurtesa EDU
245 14 - TITLE STATEMENT
Title The St. Martin's handbook /
Statement of responsibility, etc Andrea A. Lunsford ; a section for multilingual writers with Paul Kei Matsuda, Christine M. Tardy ; a section on academic and professional writing with Lisa Ede.
246 3# - VARYING FORM OF TITLE
Title proper/short title Saint Martin's handbook
906 ## - LOCAL DATA ELEMENT F, LDF (RLIN)
a 7
b cbc
c orignew
d 2
e epcn
f 20
g y-gencatlg
942 ## - ADDED ENTRY ELEMENTS (KOHA)
Source of classification or shelving scheme
Item type Books
Holdings
Withdrawn status Lost status Source of classification or shelving scheme Damaged status Not for loan Collection code Permanent location Current location Shelving location Date acquired Total Checkouts Full call number Barcode Date last seen Price effective from Koha item type
          Koleksioni i përgjithshem UBT - Lipjan UBT - Lipjan Koleksioni i përgjithshem 03/15/2018   37 LUN 002-3001649 03/15/2018 03/15/2018 Books
UBT Library © 2015-2024. All rights reserved University Education for Business and Technology